ARRUPE JESUIT UNIVERSITY

CORONAVIRUS -STOP THE SPREAD - CLEAN,DISINFECT,COVER

Voices of Zimbabwe : (Record no. 131779)

MARC details
000 -LEADER
fixed length control field 01017cam a2200289 a 4500
001 - CONTROL NUMBER
control field 12788015
003 - CONTROL NUMBER IDENTIFIER
control field ARRUPE
005 - DATE AND TIME OF LATEST TRANSACTION
control field 20240208105722.0
008 - FIXED-LENGTH DATA ELEMENTS--GENERAL INFORMATION
fixed length control field 020524s2001 sa ab 000 0 eng
010 ## - LIBRARY OF CONGRESS CONTROL NUMBER
LC control number 2002403462
020 ## - INTERNATIONAL STANDARD BOOK NUMBER
International Standard Book Number 0797423222
040 ## - CATALOGING SOURCE
Original cataloging agency DLC
Transcribing agency DLC
043 ## - GEOGRAPHIC AREA CODE
Geographic area code f-rh---
050 00 - LIBRARY OF CONGRESS CALL NUMBER
Classification number HN802.A8
Item number H86 2001
300 ## - PHYSICAL DESCRIPTION
Other physical details ill. (some col.), map ;
Dimensions 21 cm.
100 1# - MAIN ENTRY--PERSONAL NAME
Personal name Hunter, Glyn,
Dates associated with a name 1948-
9 (RLIN) 52398
245 10 - TITLE STATEMENT
Title Voices of Zimbabwe :
Remainder of title the pain, the courage, the hope /
Statement of responsibility, etc Glyn Hunter, Larry Farren, Althea Farren.
250 ## - EDITION STATEMENT
Edition statement [1st ed.]
260 ## - PUBLICATION, DISTRIBUTION, ETC. (IMPRINT)
Place of publication, distribution, etc [South Africa :
Name of publisher, distributor, etc Alfa ;
Place of publication, distribution, etc Johannesburg :
Name of publisher, distributor, etc Distributed by Covos Day,
Date of publication, distribution, etc c2001]
300 ## - PHYSICAL DESCRIPTION
Extent 289 p., :
651 #0 - SUBJECT ADDED ENTRY--GEOGRAPHIC NAME
Geographic name Zimbabwe
General subdivision Social conditions
Chronological subdivision 1980-
651 #0 - SUBJECT ADDED ENTRY--GEOGRAPHIC NAME
Geographic name Zimbabwe
Form subdivision Literary collections.
9 (RLIN) 52399
700 1# - ADDED ENTRY--PERSONAL NAME
Personal name Farren, Larry,
Dates associated with a name 1941-
9 (RLIN) 52400
700 1# - ADDED ENTRY--PERSONAL NAME
Personal name Farren, Althea,
Dates associated with a name 1946-
9 (RLIN) 52401
906 ## - LOCAL DATA ELEMENT F, LDF (RLIN)
a 7
b cbc
c orignew
d 3
e ncip
f 20
g y-gencatlg
942 ## - ADDED ENTRY ELEMENTS (KOHA)
Source of classification or shelving scheme Library of Congress Classification
Koha item type Monograph ( Printed materials)
Holdings
Withdrawn status Lost status Source of classification or shelving scheme Damaged status Not for loan Collection code Home library Current library Shelving location Date acquired Total Checkouts Full call number Barcode Date last seen Price effective from Koha item type
    Library of Congress Classification     Main Collection ARRUPE LIBRARY ARRUPE LIBRARY Main Collection 08/02/2024   HN802.A8 H86 2001 46700000320 08/02/2024 08/02/2024 Monograph ( Printed materials)

 

Arrupe Library. PO Box MP320 Mt Pleasant, Harare, Zimbabwe
263 242 745411|librarian@aju.ac.zw